Countries: After F and J Quiz Stats

 Plays Quiz Updated Feb 2, 2018

Also try: Countries: After E
Challenge
Share
Tweet
Embed
Score 0/8 Timer 03:00
5 Plays Today
Letter Combination Country % Correct
FRFrance
99%
FIFinland
96.3%
JAJapan
94.3%
JITajikistan
91%
FGAfghanistan
77.4%
JOJordan
71.8%
FABurkina Faso
35.1%
FTDemocratic Republic of the Congo
18.1%

You're not logged in!

Compare scores with friends on all Sporcle quizzes.
Join for Free
OR
Log In

You Might Also Like...

Show Comments

Extras

Top Quizzes Today


Score Distribution

Your Account Isn't Verified!

In order to create a playlist on Sporcle, you need to verify the email address you used during registration. Go to your Sporcle Settings to finish the process.

Report this User

Report this user for behavior that violates our Community Guidelines.

Details: